The value of sharing : (Record no. 2072)

MARC details
000 -LEADER
fixed length control field 01444pam a2200397 i 4500
001 - CONTROL NUMBER
control field 2072
003 - CONTROL NUMBER IDENTIFIER
control field FISKH
005 - DATE AND TIME OF LATEST TRANSACTION
control field 20231103123641.0
008 - FIXED-LENGTH DATA ELEMENTS--GENERAL INFORMATION
fixed length control field 780907s1978 caua j 000 0beng
010 ## - LIBRARY OF CONGRESS CONTROL NUMBER
LC control number 78010578
020 ## - INTERNATIONAL STANDARD BOOK NUMBER
International Standard Book Number 0916392287
040 ## - CATALOGING SOURCE
Original cataloging agency DLC
Transcribing agency DLC
Modifying agency DLC
Language of cataloging eng
042 ## - AUTHENTICATION CODE
Authentication code lcac
050 00 - LIBRARY OF CONGRESS CALL NUMBER
Classification number RD27.35.M38
Item number J63
082 00 - DEWEY DECIMAL CLASSIFICATION NUMBER
Classification number 610/.92/2
-- 920
-- B
100 1# - MAIN ENTRY--PERSONAL NAME
Personal name Johnson, Spencer.
245 14 - TITLE STATEMENT
Title The value of sharing :
Remainder of title the story of the Mayo brothers /
Statement of responsibility, etc. by Spencer Johnson ; illustrated by Pileggi.
260 ## - PUBLICATION, DISTRIBUTION, ETC.
Place of publication, distribution, etc. La Jolla :
Name of publisher, distributor, etc. Value Communications,
Date of publication, distribution, etc. 1978.
300 ## - PHYSICAL DESCRIPTION
Extent 63 pages :
Other physical details color illustrations ;
Dimensions 29 cm
490 0# - SERIES STATEMENT
Series statement A Value tale
505 ## - FORMATTED CONTENTS NOTE
Formatted contents note K<br/>
520 ## - SUMMARY, ETC.
Summary, etc. The Mayo brothers, knowing the importance of sharing, enter a career in which they can share their knowledge, skills, and money with sick people and other doctors.
521 8# - TARGET AUDIENCE NOTE
Target audience note 510<br/>
Source Lexile<br/>
521 8# - TARGET AUDIENCE NOTE
Target audience note K<br/>
Source Raz-Plus<br/>
600 10 - SUBJECT ADDED ENTRY--PERSONAL NAME
Personal name Mayo, Charles Horace,
Dates associated with a name 1865-1939
General subdivision Juvenile literature.
600 10 - SUBJECT ADDED ENTRY--PERSONAL NAME
Personal name Mayo, William James,
Dates associated with a name 1861-1939
General subdivision Juvenile literature.
600 11 - SUBJECT ADDED ENTRY--PERSONAL NAME
Personal name Mayo, Charles Horace,
Dates associated with a name 1865-1939.
600 11 - SUBJECT ADDED ENTRY--PERSONAL NAME
Personal name Mayo, William James,
Dates associated with a name 1861-1939.
650 #0 - SUBJECT ADDED ENTRY--TOPICAL TERM
Topical term or geographic name entry element Surgeons
Geographic subdivision Minnesota
-- Rochester
General subdivision Biography
-- Juvenile literature.
650 #0 - SUBJECT ADDED ENTRY--TOPICAL TERM
Topical term or geographic name entry element Sharing
General subdivision Juvenile literature.
650 #1 - SUBJECT ADDED ENTRY--TOPICAL TERM
Topical term or geographic name entry element Physicians.
650 #1 - SUBJECT ADDED ENTRY--TOPICAL TERM
Topical term or geographic name entry element Sharing.
700 1# - ADDED ENTRY--PERSONAL NAME
Personal name Pileggi, Steve.
906 ## - LOCAL DATA ELEMENT F, LDF (RLIN)
a 7
b cbc
c orignew
d 1
e ocip
f 19
g y-gencatlg
942 ## - ADDED ENTRY ELEMENTS (KOHA)
Source of classification or shelving scheme Dewey Decimal Classification
Koha item type Books
Suppress in OPAC No
Holdings
Withdrawn status Lost status Source of classification or shelving scheme Damaged status Not for loan Collection Home library Current library Shelving location Date acquired Total Checkouts Full call number Barcode Date last seen Price effective from Koha item type
    Dewey Decimal Classification     Non-Fiction Footprints International School Library Network Toul Kork Campus Footprints International School Library Network Toul Kork Campus TK Primary Library Room(4th Floor), Bookcase 3&4, Shelves 17-32, Yellow Books 11/03/2023   JOH 610.922 RD27.M38 2023-0732 11/03/2023 11/03/2023 Books